000 00812cab a2200241 4500
001 WB3115-31
008 090401t1995 xxu||||| |||| 00| 0 eng d
035 _a(Sirsi) u51939
041 _aeng
245 _aPublicans may sue over leases
260 _c1995
350 _a0
490 _aIndependent
_v8 April 1995, 17(1)
520 _aCourage has been refused permission to appeal to the Lords over a judgment made in December that it was wrong to insist that a Norwich publican had to replace his 10-year lease agreement with an Inntrepreneur lease for 20 years. See WB3001-33.
650 _aINNTREPRENEUR LEASE
650 _aLITTLE
650 _aPUB LEASES
650 _aPUBLIC HOUSES
650 _aPUBS
690 _aLANDLORD AND TENANT-BUSINESS TENANCIES
942 _n0
948 _c04/03/1997
999 _c32223
_d32223